00488nam a2200145Ia 4500008004100000100002200041245010600063245003800169260005900207260000900266300000800275650001800283650001500301856002600316170221s9999 xx 000 0 und d aFatma Kamiloğlu aEffects of Social Media on Civil and Political Participation and a Field of Survey over on Facebook  cFatma Kamiloğlu, Emre Erdoğan bOnline Journal of Communication and Media Technologies c2012 a2 : xCommunication xMedia Arts uhttp://www.ojcmt.net/